MARC

LEADER 00000nam0a2200000 4500
001 301091
005 20231102001351.0
035 |a (RuTPU)RU\TPU\book\326244 
090 |a 301091 
100 |a 20150723d1982 k y0rusy5003 ca 
101 0 |a rus 
102 |a RU 
105 |a a z 001zy 
200 1 |a Промышленность Урала в годы Великой Отечественной войны, 1941-1945  |e [монография]  |f А. Ф. Васильев 
210 |a Москва  |c Наука  |d 1982 
215 |a 279 с.  |c ил. 
320 |a Библиография в конце глав 
320 |a Указатель имен: с. 270-276 
606 1 |a Экономика  |y Россия  |y Урал, Приуралье  |2 stltpush  |3 (RuTPU)RU\TPU\subj\64431  |9 81329 
610 1 |a промышленность 
610 1 |a перестройка 
610 1 |a оборонная продукция 
610 1 |a Великая Отечественная война 1941-1945 
610 1 |a эвакуированные предприятия 
686 |a У9(2Р36)  |v LBC/SL-A  |2 rubbk 
700 1 |a Васильев  |b А. Ф.  |g Александр Филиппович  |4 070 
801 0 |a RU  |b RuMRKP  |c 19950704  |g psbo 
801 1 |a RU  |b 63413507  |c 20150723 
801 2 |a RU  |b 63413507  |c 20190531  |g RCR 
942 |c BK